A new species of Xylaria on Salzmannia nitida in Bahia, Brazil (Registro n. 9307)
[ somente texto ]
| 000 -LÍDER | |
|---|---|
| fixed length control field | 01817nab a2200301 i 4500 |
| 003 - CÓDIGO MARC DA AGÊNCIA CATALOGADORA | |
| Campo de controle | BR-BrBNA |
| 005 - DATA E HORA DA ÚLTIMA ATUALIZAÇÃO | |
| Campo de controle | 20230824075212.0 |
| 008 - CAMPO DE TAMANHO FIXO | |
| fixed length control field | 230605b2021 bl.ar|pofa||| 00| 0 eng | |
| 040 ## - FONTE DA CATALOGAÇÃO | |
| Agência catalogadora | BR-BrBNA |
| Idioma da catalogação | eng |
| 072 ## - CATEGORIA AGRIS | |
| Código AGRIS | H20 |
| 072 ## - CATEGORIA AGRIS | |
| Código AGRIS | F70 |
| 100 ## - ENTRADA PRINCIPAL - NOME PESSOAL | |
| Nome pessoal | Barbosa, Leonardo de Oliveira |
| 100 ## - ENTRADA PRINCIPAL - NOME PESSOAL | |
| Nome pessoal | Duarte, Elizabeth Amélia Alves |
| 100 ## - ENTRADA PRINCIPAL - NOME PESSOAL | |
| Nome pessoal | Pereira, Jadergudson |
| 100 ## - ENTRADA PRINCIPAL - NOME PESSOAL | |
| Nome pessoal | Bezerra, José Luiz |
| 245 ## - TÍTULO PRINCIPAL | |
| Título principal | A new species of Xylaria on Salzmannia nitida in Bahia, Brazil |
| 500 ## - NOTA GERAL | |
| Nota geral | Publicação on-line; 11 ref.; 1 table; 2 illus.; Summaries (En, Pt) |
| 942 ## - ADDED ENTRY ELEMENTS (KOHA) | |
| Koha item type | |
| 520 ## - NOTA DE RESUMO | |
| Nota de conteúdo | <br/><br/>Xylaria salzmanniae sp. nov. is described on dead leaves of Salzmannia nitida (Rubiaceae) in Serra da Jiboia,<br/>municipality of Santa Teresinha, semiarid region of Bahia, Brazil.<br/><br/>Key words: Brazilian fungi, Rubiaceae, Taxonomy, Xylariaceae.<br/><br/><br/> |
| 520 ## - NOTA DE RESUMO | |
| Nota de conteúdo | Uma nova espécie de Xylaria em Salzmannia nitida na Bahia, Brasil. <br/><br/>Xylaria salzmanniae sp. nov. é descrita em folhas mortas de Salzmannia nitida (Rubiaceae) <br/>na Serra da Jiboia, município de Santa Teresinha, região semiárida da Bahia, Brasil.<br/><br/>Palavras-chave: Fungos brasileiros, Rubiaceae, Taxonomia, Xylariaceae. |
| 650 ## - ASSUNTO - THESAGRO | |
| Cabeçalho tópico ou nome geográfico | FUNGO |
| 650 ## - ASSUNTO - THESAGRO | |
| Cabeçalho tópico ou nome geográfico | RUBIACEAE |
| 650 ## - ASSUNTO - THESAGRO | |
| Cabeçalho tópico ou nome geográfico | TAXONOMIA |
| 773 0# - ENTRADA ANALÍTICA | |
| Host Biblionumber | 1823 |
| Registro do item | 25140 |
| Imprenta | Itabuna-BA Comissão Executiva do Plano de Lavoura Cacaueira 1989 |
| Outro identificador | 2023-435719 |
| Título | Agrotrópica (Brazil) |
| ISSN | 0103-3816 |
| Colação | v. 33(2) p. 127-130; (May-Aug 2021) |
| Número de controle de registro | BR2023000618 |
| 856 ## - ACESSO E ENDEREÇO ELETRÔNICO | |
| Identificador uniforme de recurso - URI | https://www.gov.br/agricultura/pt-br/assuntos/ceplac/publicacoes/revista-agrotropica/artigos/2021/01033816.2021v33n2p127130.pdf |
| 856 ## - ACESSO E ENDEREÇO ELETRÔNICO | |
| Identificador uniforme de recurso - URI | https://www.gov.br/agricultura/pt-br/assuntos/ceplac/publicacoes/revista-agrotropica/revista-volumes/2000-a-2010/RevistaAgrotropicaVol.33n22021.pdf |
Nenhum exemplar disponível.

BINAGRI